00818nam a2200205 a 450000100060000000300090000600800410001502000150005604000280007108200160009910000190011524500680013426000270020230000100022950501950023965000460043465000450048065000430052565000440056822840CO-ViMGA141112s2004 ck r 000 u spa d a1931003726 aCO-ViMGAbspacCO-ViMGA04a361.61 I5251 aBuvinic, Mayra10aInclusiòn social y desarrollo econòmico en amèrica latina aColombia : bAlfaomega a382p. aInclusiòn social econòmico en amèrica latina, Desarrollo econòmico e inclusiòn social, El caso econòmico para combatirir la exclusion racial y ètica, Perspectiva desde europa14aAmérica LATINA - CONDICIONES ECONOMICAS14aAmérica LATINA - CONDICIONES SOCIALES 14aINTEGRACION SOCIAL - América LATINA 14aPERSONAS INDIGENTES - América LATINA